000 00424nam a2200157 4500
001 131143
003 ES-MaACL
005 20230906193925.0
007 t|
008 070214s1908 fr r ||||1| fre d
100 1 _aRodenbach, Georges.
_998118
245 1 3 _aLe régne du silence
_b: poeme /
_cGeorges Rodenbach.
260 _aParis :
_bL. Mar et Heux,
_c1908.
300 _a236 p. ;
_c18 cm.
852 _aES-MaACL
_jF-9582
999 _c131143
_d131143